| 000 | 00553nam a22001932 4500 | ||
|---|---|---|---|
| 001 | 0000017535 | ||
| 003 | OSt | ||
| 005 | 20140825164729.0 | ||
| 008 | 091105s1986 xx 000 0 eng d | ||
| 040 |
_aPUL _cPUL |
||
| 050 |
_aBX8382.2 _b.W55 1986 |
||
| 100 | 1 |
_aWilke, Richard B., _d1930-. |
|
| 245 | 1 | 0 |
_aAnd are we yet alive? : _bthe future of the United Methodist Church / _cRichard B. Wilke. |
| 260 |
_aNashville : _bAbingdon Press, _cc1986. |
||
| 300 |
_a124 p. ; _c23 cm. |
||
| 650 | 0 | _aMethodist Church. | |
| 908 | _a091105 | ||
| 942 |
_2lcc _cBK |
||
| 999 |
_c16826 _d16826 |
||